Quantum cosmology / (Record no. 28982)

000 -LEADER
fixed length control field 00646 a2200181 4500
020 ## - INTERNATIONAL STANDARD BOOK NUMBER
International Standard Book Number 9971502933
020 ## - INTERNATIONAL STANDARD BOOK NUMBER
International Standard Book Number 9789971502935
082 04 - DEWEY DECIMAL CLASSIFICATION NUMBER
Classification number 523.1
090 ## - LOCALLY ASSIGNED LC-TYPE CALL NUMBER (OCLC); LOCAL CALL NUMBER (RLIN)
-- 349
-- 349
100 1# - MAIN ENTRY--PERSONAL NAME
Personal name Fang, L-Z.
245 10 - TITLE STATEMENT
Title Quantum cosmology /
Statement of responsibility, etc. L-Z Fang.
260 ## - PUBLICATION, DISTRIBUTION, ETC.
Place of publication, distribution, etc. [S.l.] :
Name of publisher, distributor, etc. Wspc,
Date of publication, distribution, etc. 1987.
300 ## - PHYSICAL DESCRIPTION
Extent 340 p. ;
Dimensions 25 cm.
490 1# - SERIES STATEMENT
Series statement World scientific advanced series in astrophysics and cosmology, vol 3.
830 #0 - SERIES ADDED ENTRY--UNIFORM TITLE
Uniform title World scientific advanced series in astrophysics and cosmology, vol 3.
942 ## - ADDED ENTRY ELEMENTS (KOHA)
Institution code [OBSOLETE] SNS
Koha item type Book
Call number prefix 523.1 FAN
Holdings
Withdrawn status Lost status Damaged status Not for loan Permanent Location Current Location Date acquired Total Checkouts Full call number Barcode Date last seen Price effective from Koha item type
        School of Natural Sciences (SNS) School of Natural Sciences (SNS) 05/26/2016   523.1 FAN SNS0000268 05/26/2016 05/26/2016 Book
© 2023 Central Library, National University of Sciences and Technology. All Rights Reserved.